书目信息 |
| 题名: |
建筑应用电工
|
|
| 作者: | 赵连玺 编 | |
| 分册: | ||
| 出版信息: | 北京 中国建筑工业出版社 1999.08 |
|
| 页数: | 552页 | |
| 开本: | 16开 | |
| 丛书名: | ||
| 单 册: | ||
| 中图分类: | TU85 | |
| 科图分类: | ||
| 主题词: | 房屋建筑设备:机电设备 | |
| 电子资源: | ||
| ISBN: | 7-112-03802-2 | |
| 000 | 00566nam0 2200193 45 | |
| 001 | 0009250992 | |
| 005 | 20010307104608.1 | |
| 010 | @a7-112-03802-2@d45.00元 | |
| 100 | @a20000925d1999 km y0chiy0120 ea | |
| 101 | 0 | @achi |
| 105 | @a z 000yy | |
| 200 | 1 | @a建筑应用电工@AJian Zhu Ying Yong Dian Gong@f赵连玺等编@FZhao Lian Xi Deng Bian |
| 210 | @a北京@c中国建筑工业出版社@d1999.08 | |
| 215 | @a552页@d16开 | |
| 606 | 0 | @a房屋建筑设备:机电设备 |
| 690 | @aTU85@v3 | |
| 701 | 0 | @a赵连玺@4编 |
| 801 | @aCN@bPftUser@c20000925 | |
| 905 | @dTU85@eZH891=4@b326732-734@f3 | |
| 建筑应用电工/赵连玺等编.-北京:中国建筑工业出版社,1999.08 |
| 552页;16开 |
| ISBN 7-112-03802-2:45.00元 |
| ● |
| 相关链接 |
|
|
|
正题名:建筑应用电工
索取号:TU85/ZH891=4
 
预约/预借
| 序号 | 登录号 | 条形码 | 馆藏地/架位号 | 状态 | 备注 |
| 1 | 326732 | 203267320 | 自科二线404/404自科库 18排4列1层/ [索取号:TU85/ZH891=4] | 在馆 | |
| 2 | 326733 | 203267339 | 自科二线404/404自科库 18排4列1层/ [索取号:TU85/ZH891=4] | 在馆 | |
| 3 | 326734 | 203267348 | 自科二线404/404自科库 18排4列1层/ [索取号:TU85/ZH891=4] | 在馆 |